Evolution

Enregistré dans:
Détails bibliographiques
Auteur principal: Ridley, Mark
Format: Livre
Langue:Undetermined
Publié: Boston Blackwell Scientific 1993
Sujets:
Tags: Ajouter un tag
Pas de tags, Soyez le premier à ajouter un tag!
Thư viện lưu trữ: Trung tâm Học liệu Trường Đại học Cần Thơ
LEADER 00451nam a2200181Ia 4500
001 CTU_127203
008 210402s9999 xx 000 0 und d
082 |a 575 
082 |b R546 
100 |a Ridley, Mark 
245 0 |a Evolution 
245 0 |c Mark Ridley 
260 |a Boston 
260 |b Blackwell Scientific 
260 |c 1993 
650 |a Evolution (Biology) 
904 |i Hiếu 
980 |a Trung tâm Học liệu Trường Đại học Cần Thơ